Normal view
MARC view
- المراة - الصحة - انقطاع الطمث
Entry Topical Term
001 - CONTROL NUMBER
- control field: 21971
003 - CONTROL NUMBER IDENTIFIER
- control field: JO-AjAnu
005 - DATE AND TIME OF LATEST TRANSACTION
- control field: 20230606073811.0
008 - FIXED-LENGTH DATA ELEMENTS
- fixed length control field: 230606|| aca||aabn | a|a d
040 ## - CATALOGING SOURCE
- Original cataloging agency: JO-AjAnu
- Transcribing agency: JO-AjAnu
150 ## - HEADING--TOPICAL TERM
- Topical term or geographic name entry element: المراة - الصحة - انقطاع الطمث
670 ## - SOURCE DATA FOUND
- Source citation: Work cat.: (JO-AjAnu)11289: رضا ، وفاء منذر, author 21970, مشاكل تواجه المراة بعدسن الاربعين